Responses for Show #2804 - Thursday, November 7, 1996

Contestants

[<< previous game]

Pat Stivers, an international consultant from Phoenix, Arizona

Kathy Applebaum, a retail store clerk from Sacramento, California

Marv Macintyre, a development director from Nashua, New Hampshire (whose 1-day cash winnings total $9,400)

[next game >>]

Jeopardy! Round responses

METALLIC STARS
WORLD GEOGRAPHY
FOOD
U.S. HISTORY
RAYMOND LOEWY DESIGNS
ABBREVIATIONS
    $100 9
Whoopi Goldberg

Kathy
    $100 1
Brazil

Pat
    $100 4
jubilee

Marv
    $100 7
slavery

Marv
    $100 26
Exxon

Pat
    $100 21
miles per gallon

Pat
    $200 10
David Copperfield

Pat
    $200 2
Germany

Pat
    $200 14
London broil

Pat
    $200 8
Florida

Pat
    $200 27
Greyhound

Marv
    $200 22
parent teacher association

Kathy
    $300 11
Freddie Mercury

Pat
    $300 3
Norway

Kathy
    $300 15
spinach

Marv
    $300 16
steel

Marv
    $300 28
John Kennedy

Pat
    $300 23
hemoglobin

Marv
    $400 12
Jeremy Irons

Triple Stumper
    $400 5
Tasmania

Pat
    $400 19
cheese

Pat
    $400 17
Ghent

Pat
    $400 29
windows

Kathy
    $400 24
Virgin Islands

Kathy
    $500 13
Ron Silver

Triple Stumper
    $500 6
Caucasus

Marv
    $500 20
tamale

Pat
    $1,000 18
(Pat: What is The Asphalt Jungle)

The Jungle

Pat
    $500 30
vacuum cleaner

Marv
    $500 25
notary public

Pat

Scores at the first commercial break (after clue 15):

Marv Kathy Pat
$1,000 $400 $1,600

Scores at the end of the Jeopardy! Round:

Marv Kathy Pat
$2,300 $1,400 $2,900

Double Jeopardy! Round responses

WOMEN IN GOVERNMENT
LITERATURE
TENNESSEE
BOOKS OF THE BIBLE
ANIMALS
WAR MOVIES
    $200 7
Salt Lake City

Pat
    $200 18
the blood of an Englishman

Pat
    $200 16
Chattanooga

Pat
    $200 27
Genesis

Marv
    $200 1
eye

Kathy
    $200 3
John Wayne

Pat
    $400 8
Janet Reno

Pat
    $400 19
Japan

Kathy
    $400 17
Nashville

Marv
    $400 28
Leviticus

Pat
    $400 2
bats

Marv
    $400 12
Heller

Marv
    $600 9
Ruth Bader Ginsburg

Pat
    $600 21
Lord of the Rings

Pat
    $600 20
The Volunteers

Marv
    $600 26
Job

Marv
    $1,000 4
(Pat: What is Florida?)

Hawaii

Pat
    $600 13
The Dirty Dozen

Pat
    $500 10
(Pat: Who is Black?)

Barbara Jordan

Pat
    $800 24
The Thin Man

Pat
    $800 22
Davy Crockett

Marv
    $800 29
Revelation

Marv
    $800 5
condor

Marv
    $800 14
(Pat: What is Bridge Over the River Kwai?)

(The) Bridge on the River Kwai

MarvPat
    $1000 11
Washington

Marv
    $1000 25
To Kill a Mockingbird

Marv
    $1000 23
(Pat: Who is Baker?)
...
(Alex: Yes, who was played by Joe Don Baker in the early version of the film.)

Buford Pusser

MarvPat
    $1000 30
Acts of the Apostles

Marv
    $1000 6
beluga

Pat
    $1000 15
Das Boot

Pat

Scores at the end of the Double Jeopardy! Round:

Marv Kathy Pat
$12,100 $2,000 $5,800
(lock game)

[wagering suggestions for these scores]

Final Jeopardy! Round responses

WORD ORIGINS
KathyWhat is an almanac?
$1,000
PatWhat is Almanac?
$2,001
MarvWhat is an Almanac?
$400
almanac

Final scores:

Marv Kathy Pat
$12,500 $3,000 $7,801
2-day champion: $21,900 3rd place: Pinseeker golf clubs + Jeopardy! Challenge scorekeeper 2nd place: trip to Jamaica & stay at the Braco Village Resort + Jeopardy! Challenge scorekeeper

Game dynamics:

Coryat scores:

Marv Kathy Pat
$12,100 $2,000 $8,300
22 R,
0 W
7 R,
0 W
26 R,
5 W
(including 3 DDs)

Combined Coryat: $22,400

[game clues] [game scores] [suggest correction]

Game tape date: 1996-09-04
The J! Archive is created by fans, for fans. Scraping, republication, monetization, and malicious use prohibited; this site may use cookies and collect identifying information. See terms. The Jeopardy! game show and all elements thereof, including but not limited to copyright and trademark thereto, are the property of Jeopardy Productions, Inc. and are protected under law. This website is not affiliated with, sponsored by, or operated by Jeopardy Productions, Inc. Join the discussion at JBoard.tv.